00643nam a2200181 450000500170000001000140001702000260003103500140005703700130007108200120008410000250009624501230012126000600024427000880030430000250039250000270041770000170044420190410130122.0 aENG125038 a9788189762612c200.00 aEN-108570 bDBAD/PUB a362.709 aChowdhury,Madhusmita aAn impact assessment of icds in Meghalaya:bstrengths and scope for growth/cby Madhusmita Chowdhury [and] Meenal Tula aNew DelhibNorth Eastern Social Research Centre c2017 aB1/2 Malviya Nagar, ground floor,bNew Delhie110017k011-26674688minfo@haqcrc.org axv;184p.c23cms(Pbk) ait includes references aTula, Meenal